| 000 | 00548nam a2200181Ia 4500 | ||
|---|---|---|---|
| 008 | 090123s9999 xx 000 0 und d | ||
| 082 | _b4770 | ||
| 100 | _aबेहेरे श्री.ना. | ||
| 245 | _aगृहोद्योग | ||
| 250 | _a2 | ||
| 260 |
_bउद्यम प्रकाशन _c1977 |
||
| 300 | _a172 | ||
| 600 | _aबेहेरे श्री.ना. | ||
| 630 | _aगृहोद्योग | ||
| 700 | _aबेहेरे श्री.ना. | ||
| 730 | _aगृहोद्योग | ||
| 942 | _cBOOK | ||
| 999 |
_c42845 _d42845 |
||